[Event "Mogliano Veneto op-B 38th"]
[Site "Mogliano Veneto"]
[Date "2017.05.01"]
[Round "4.23"]
[White "Valentini, Pietro"]
[Black "Cattaruzzo, Nicolo"]
[Result "0-1"]
[WhiteElo "1649"]
[BlackElo "1766"]
[PlyCount "58"]
[EventDate "2017.04.29"]
[EventType "swiss"]
[EventRounds "5"]
[EventCountry "ITA"]
[SourceTitle "EXT 2023"]
[Source "ChessBase"]
[SourceDate "2022.10.05"]
[SourceVersion "1"]
[SourceVersionDate "2022.10.05"]
[SourceQuality "1"]

1. d4 Nf6 2. c4 c5 3. Nf3 cxd4 4. Nxd4 e5 5. Nb5 d5 6. e3 Bc5 7. cxd5 0-0 8. N1c3 a6 9. Na3 b5 10. Ne2 Bb7 11. Nc2 Bxd5 12. b4 Bb6 13. Nc3 Bb7 14. Bb2 Nc6 15. Be2 Qe7 16. a3 Rfd8 17. Qc1 Nd4 18. Nxd4 exd4 19. exd4 Bxd4 20. 0-0 Bxc3 21. Bxc3 Qxe2 22. Bxf6 gxf6 23. Qf4 Qe5 24. Qg4+ Kh8 25. Rfe1 Rd4 26. Rxe5 Rxg4 27. Rf5 Rxg2+ 28. Kf1 Rxh2 29. Kg1 Rh1# 0-1